000 01509cam a2200433Ia 4500
001 sjds370529
003 sjds
005 20200213210335.0
008 071116t20082008nyua a 000 1 spa d
020 _a9780061435263 (pbk.)
020 _a0061435260 (pbk.)
035 _a(OCoLC)181602391
040 _aBTCTA
_cBTCTA
_dBAKER
_dON8
_dUtOrBLW
041 1 _aspa
_heng
049 _aIFAA
099 _aESPANOL EASY READERS CAPUCILLI
100 1 _aCapucilli, Alyssa Satin,
_d1957-
_eauthor.
240 1 0 _aBiscuit finds a friend.
_lSpanish
245 1 0 _aBizcocho encuentra un amigo /
_cescriot por Alyssa Satin Capucilli ; ilustrado por Pat Schories ; traducido por Susana Pasternac.
260 _aNew York, NY :
_bRayo,
_cc2008
264 1 _aNew York, NY :
_bRayo,
_c[2008]
264 4 _cc2008
300 _a24 pages :
_bcolor illustrations ;
_c24 cm.
336 _atext
_btxt
_2rdacontent
337 _aunmediated
_bn
_2rdamedia
338 _avolume
_bnc
_2rdacarrier
490 0 _aMi primer libro. Yo sé leer!
500 _a"Lectura compartida"--Cover.
520 _aA puppy helps a little duck find its way home to the pond.
526 0 _aAccelerated Reader
_bLG
_c0.6
_d0.5
_z43663SP
526 0 _aYo se leer
_cMi primer libro
650 0 _aDogs
_vJuvenile fiction.
650 0 _aDucks
_vJuvenile fiction.
650 7 _aPerros
_vNovela juvenil.
_2bidex
650 7 _aPatos
_vNovela juvenil.
_2bidex
700 1 _aSchories, Pat,
_eillustrator.
700 1 _aPasternac, Susana.
942 _cBK
_2ddc
999 _c18943
_d18943